• 首页
  • 本馆介绍
  • 公告通知
  • 最新文献
  • 馆藏检索
  • 电子资源
  • 读者导购
  • 参考咨询
  • 我的图书馆
  • 登录
  • 详细信息显示
  • 放入我的书架
  • 预约/预借图书
  • 作者相关作品
  • 分类相关作品
  • 丛书相关作品
  • 出版社相关作品

书目信息

  • 表格格式
  • 工作单格式
  • 卡片格式
题名:
精神与认知康复
    
 
作者: 陈卓铭 主编
分册:  
出版信息: 北京   人民卫生出版社  2017.06
页数: 12, 372页
开本: 26cm
丛书名:
单 册:
中图分类: R749.1
科图分类:
主题词: 精神障碍--教育康复 , 认知障碍--教育康复
电子资源:
ISBN: 978-7-117-24401-5
000 00744nam0 2200241 450
001 0108153916
005 20210308154404.0
010    @a978-7-117-24401-5@dCNY88.00
100    @a20210307e20192017em y0chiy50 ea
101 0  @achi
102    @aCN@b110000
105    @aa z 000yy
106    @ar
200 1  @a精神与认知康复@Ajing shen yu ren zhi kang fu@f陈卓铭主编
210    @a北京@c人民卫生出版社@d2017.06@h2019.05
215    @a12, 372页@c图@d26cm
330    @a本书内容包括:精神与认知基础,神经发育障碍,神经认知障碍,其他精神障碍等。
606 0  @a精神障碍@x教育康复
606 0  @a认知障碍@x教育康复
690    @aR749.1@v5
701  0 @a陈卓铭@Achen zhuo ming@4主编
801  0 @aCN@bBJSZM@c20210308
905    @b1273091-4@dR749.1@e300@f4
    
    精神与认知康复/陈卓铭主编.-北京:人民卫生出版社,2017.06(2019.05)
    12, 372页:图;26cm
    
    
    ISBN 978-7-117-24401-5:CNY88.00
    本书内容包括:精神与认知基础,神经发育障碍,神经认知障碍,其他精神障碍等。
●
相关链接 在E读中查询图书 在五车中查询图书 在当当中查询图书 在豆瓣中查询图书


正题名:精神与认知康复     索取号:R749.1/300         预约/预借

序号 登录号 条形码 馆藏地/架位号 状态 备注
1 1273091   212730918   第二样本阅览室/ [索取号:R749.1/300] 在馆    
2 1273092   212730927   教育系资料室/ [索取号:R749.1/300] 在馆    
3 1273093   212730936   教育系资料室/ [索取号:R749.1/300] 在馆    
4 1273094   212730945   第三借阅区/ [索取号:R749.1/300] 在馆    
唐山师范学院图书馆 欢迎您!
大连网信软件有限公司© 版权所有